Κατάλογος Βιβλιοθηκών Mediterranean College

Δοσιμετρία (Record no. 5661)

MARC details
000 -LEADER
fixed length control field 02538cam a22001814a 4500
005 - ΗΜΕΡΟΜΗΝΙΑ ΚΑΙ ΩΡΑ ΤΕΛΕΥΤΑΙΑΣ ΕΝΗΜΕΡΩΣΗΣ
Πεδίο ελέγχου 20250605163511.0
008 - FIXED-LENGTH DATA ELEMENTS--GENERAL INFORMATION
Πεδίο ελέγχου σταθερού μήκους 250528s ||||||||||||||||||||||||d
035 ## - SYSTEM CONTROL NUMBER
System control number 20570
040 ## - ΠΗΓΗ ΚΑΤΑΛΟΓΟΓΡΑΦΗΣΗΣ
Φορέας πρωτότυπης καταλογογράφησης MC Athens Campus Library
Γλώσσα καταλογογράφησης Ελληνικά, Μοντέρνα (1453-)
Modifying agency MC Athens Campus Library
Κανόνες περιγραφικής καταλογογράφησης AACR2
245 1# - ΤΙΤΛΟΣ ΚΑΙ ΔΗΛΩΣΗ ΥΠΕΥΘΥΝΟΤΗΤΑΣ
Τίτλος Δοσιμετρία
260 ## - PUBLICATION, DISTRIBUTION, ETC.
Name of publisher, distributor, etc. Δημοκρίτειο Πανεπιστήμιο Θράκης,
Date of publication, distribution, etc. 1993
300 ## - PHYSICAL DESCRIPTION
Extent 194
505 0# - FORMATTED CONTENTS NOTE
Formatted contents note Δοσιμετρία και Ραδιενέργεια και Ακτινοβολίες, Δόσεις από Ακτινοβολίες, Προστασία από Ακτινοβολίες, Άτομα που Ασχολούνται σε Χώρους με Πηγές Ακτινοβολιών, Ο Πληθυσμός που ζει Κοντά σε Πυρηνική Βιομηχανία, Το Σύνολο του Πληθυσμού, Πηγές και Επιπτώσεις της Ραδιενέργειας στο Φυσικό Περιβάλλον, Από που Προέρχεται η Ακτινοβόληση του Ανθρώπινου Οργανισμού, Πώς Ταξινομούνται τα Φυσικά Ραδιενεργά Ισότοπα, Ποιά είναι τα Ποιό Σημαντικά Φυσικά Ραδιενεργά Ισότοπα, Τι είναι η κοσμική Ακτινοβολία, Τι είναι τα Τεχνητά Ραδιοϊσότοπα και Ποιά είναι τα Ποιό Σημαντικά, Βιβλιογραφία.
520 ## - SUMMARY, ETC.
Summary, etc. Δοσιμετρία και Ραδιενέργεια και Ακτινοβολίες, Δόσεις από Ακτινοβολίες, Προστασία από Ακτινοβολίες, Άτομα που Ασχολούνται σε Χώρους με Πηγές Ακτινοβολιών, Ο Πληθυσμός που ζει Κοντά σε Πυρηνική Βιομηχανία, Το Σύνολο του Πληθυσμού, Πηγές και Επιπτώσεις της Ραδιενέργειας στο Φυσικό Περιβάλλον, Από που Προέρχεται η Ακτινοβόληση του Ανθρώπινου Οργανισμού, Πώς Ταξινομούνται τα Φυσικά Ραδιενεργά Ισότοπα, Ποιά είναι τα Ποιό Σημαντικά Φυσικά Ραδιενεργά Ισότοπα, Τι είναι η κοσμική Ακτινοβολία, Τι είναι τα Τεχνητά Ραδιοϊσότοπα και Ποιά είναι τα Ποιό Σημαντικά, Βιβλιογραφία.
942 ## - ADDED ENTRY ELEMENTS (KOHA)
Koha item type Books
Holdings
Τύπος τεκμηρίου Βιβλιοθήκη Τρέχουσα τοποθεσία Barcode Αριθμός εισαγωγής Ημερομηνία απόκτησης Ταξιθετικό σύμβολο Αριθμός αντιτύπου Κατάσταση απόσυρσης Κατάσταση χαμένου Κατάσταση κατεστραμμένου Μη δανεισμός Σύνολο δανεισμών Ημερομηνία τελευταίας εμφάνισης Η τιμή ισχύει από
Books MC Athens Campus Library MC Athens Campus Library 9780000056603 7049 05/06/2025 539.2 TSA 1           05/06/2025 05/06/2025

MC Athens Campus Library
Πατησίων 94 & Κοδριγκτώνος 13, 104 34
Πελλήνης 8 & Πατησίων 107, 112 51
Τ: +30 210 8899600

MC Thessaloniki Campus Library
Ίωνος Δραγούμη 21, 54625 | Ίωνος Δραγούμη 15, 54625
Τ: +30 2310 287779 – Τ: +30 2314 440300